| Tag |
First Indicator |
Second Indicator |
Subfields |
| LEADER |
00000cam a2200000 a 4500 |
| 001 |
in00000103419 |
| 005 |
20150929180404.0 |
| 007 |
hd af| c||| |
| 008 |
821210r1974 miu ab 00010 eng d |
| 035 |
|
|
|a (OCoLC)09041556
|
| 035 |
|
|
|9 AAN2640AM
|
| 040 |
|
|
|a TXA
|c TXA
|d UtOrBLW
|
| 043 |
|
|
|a n-us-mo
|
| 049 |
|
|
|a TXAI
|
| 099 |
|
|
|a film
|a B
|a 1067
|
| 100 |
1 |
|
|a Roberts, George D.,
|d 1942-
|
| 245 |
1 |
0 |
|a Relationships among values, attitudes, and demographic variables of trade and industrial education teachers in the state of Missouri /
|c by George D. Roberts.
|
| 264 |
|
1 |
|a [Place of publication not identified] :
|b [publisher not identified] ;
|c 1974.
|
| 300 |
|
|
|a ix, 121 leaves.
|
| 336 |
|
|
|a text
|b txt
|2 rdacontent
|
| 337 |
|
|
|a microform
|b h
|2 rdamedia
|
| 338 |
|
|
|a microfilm reel
|b hd
|2 rdacarrier
|
| 500 |
|
|
|a Vita.
|
| 502 |
|
|
|b Ed. D.
|c University of Missouri
|d 1974.
|
| 504 |
|
|
|a Bibliography: leaves 84-89.
|
| 533 |
|
|
|a Microfilm.
|b Ann Arbor, Mich. :
|c Xerox University Microfilms,
|d 1975.
|e 1 microfilm reel ; 35 mm.
|
| 500 |
|
|
|a Microform.
|
| 650 |
|
0 |
|a Vocational teachers
|z Missouri.
|
| 650 |
|
0 |
|a Technical education
|z Missouri.
|
| 999 |
|
|
|a MARS
|
| 999 |
f |
f |
|s 3ea4d743-a2d7-3aae-bb62-b11c46656a8e
|i 5a14d480-86fd-30f8-b9cb-af5d52ca5445
|t 0
|
| 952 |
f |
f |
|p default
|a Texas A&M University
|b College Station
|c Sterling C. Evans Library
|d Evans: Microforms (3rd floor)
|t 0
|e film B 1067
|h Other scheme
|i microform -- microfilm reel
|
| 998 |
f |
f |
|a film B 1067
|t 0
|l Evans: Microforms (3rd floor)
|